000 00259nam a22001217a 4500
040 _cHS
082 _a140
100 _aNA
245 _aរចនាសម្ព័ន្ធកសិដ្ឋាន
260 _aRUA
_bNA
_c2011
300 _a139p;
942 _cKB
999 _c9341
_d9341